LEADER 01253nam a2200265 u 4500 001 000000003434 003 CaOOAMICUS 005 20070226104535.0 008 940921s1969 it u000 u ita u 035 $a10089665 040 $aPUL(R)$bita 100 1 $aGiacon, Carlo,$cS.I.,$d1900-1984.$0(OLS)http://pul/name/3618 245 13$aLa causalità del motore immobile /$cCarlo Giacon. 260 $aPadova :$bAntenore,$c1969. 300 $a182, [1] p. ;$c21 cm 490 1 $aUniversità di Padova. Pubblicazioni dell'Istituto di Storia della filosofia e del Centro per ricerche di Filosofia medievale ;$v3 500 $aBibliografia a piè pagina. 650 4$aMetafisica.$0(OLS)http://pul/subject/433 830 0$aPubblicazioni dell'Istituto di storia della filosofia e del Centro per ricerche di filosofia medioevale (Università di Padova).$pNuova serie ;$v3.$0(OLS)http://pul/title/5031 850 $aPUL 852 $aPUL$W1$xDP1 Fondo Giannini$y60$m1562 C 40$j4547$nBK-PRI$b $qFondi$B4547$CPULBib$Z2$F4547 $H $81 941 1 $a1 961 $aINV: Fondo Giannini 996 $6245$aLa causalità del motore immobile$9(OLS)http://pul/title/5030 996 $6260$aPadova :$bAntenore$9(OLS)http://pul/publisher/48020 LEADER 01508nam a2200337 u 4500 001 000000058479 003 CaOOAMICUS 005 20070226120709.0 008 010605s1994 it u000 u ita u 020 $a8871444884 035 $a10891482 040 $aPUL(R)$bita$dPUL 041 1 $aita$hger 100 1 $aRhonheimer, Martin.$0(OLS)http://pul/name/35222 240 10$aPerspektive der Moral : Grundlagen der philosophischen Ethik.$lItaliano.$0(OLS)http://pul/title/78342 245 13$aLa prospettiva della morale :$bfondamenti dell'etica filosofica /$cMartin Rhonheimer. 260 $aRoma :$bArmando,$cc1994. 300 $a360 p. ;$c22 cm 490 1 $aStudi di filosofia / a cura della Facoltà di Filodofia dell'Ateneo Romano della Santa Croce 500 $aContiene indici. 504 $aBibliografia: p. 347-358. 650 4$aFilosofia morale.$0(OLS)http://pul/subject/560 650 4$aEtica.$0(OLS)http://pul/subject/547 830 0$aStudi di filosofia (Facoltà di filosofia dell'Ateneo Romano della Santa Croce).$0(OLS)http://pul/title/38458 850 $aPUL 852 $aPUL$W1$xSL Filosofia 1$y2$m96 D 119$j76393$nBK-PRI$b $qStampati$B76393$CPULBib$Z2$F76393 $H $81 941 1 $a8 961 $aINV: 74083 996 $6020$a8871444884$9(OLS)http://pul/number/74115 996 $6245$aLa prospettiva della morale :$bfondamenti dell'etica filosofica$9(OLS)http://pul/title/78343 996 $6260$aRoma :$bArmando$9(OLS)http://pul/publisher/55055 LEADER 03188nam a2200553 a 4500 001 000000106893 003 CaOOAMICUS 005 20070911154926.0 008 070911m19931995gw 001 u ger d 020 $a3-451-22126-8 (v. 2) 020 $a3-451-22125-X (v. 1) 020 $a3-451-22127-6 (v. 3) 020 $a3-451-22128-4 (v. 4) 040 $aPUL$bita$dPG 041 1 $ager$agrc$alat$hgrc 100 0 $aIrenaeus Lugdunensis,$cs.,$d130/149-c. 198.$0(OLS)http://pul/name/3472 245 10$aEpideixis, Adversus Haereses =$bDarlegung der Apostolischen verkündigung, Gegen die häresien /$cIrenaus von Lyon ; übersetzt und eingeleitet von Norbert Brox. 246 31$aDarlengung der Apostolischen Verkundigung 246 31$aGegen die häresien 260 $aFreiburg :$bHerder,$c1993-1995. 300 $a4 v. ;$c20 cm. 490 1 $aFontes christiani ;$vBd. 8 500 $aIntroduzione e traduzione a fronte in tedesco. 546 $aTesto in greco, latino e tedesco. 700 1 $aBrox, Norbert.$0(OLS)http://pul/name/10584 700 0 $aIrenaeus Lugdunensis,$cs.,$d130/149-c. 198.$tAdversus Haereses.$0(OLS)http://pul/nameTitle/551$0(OLS)http://pul/name/3472$0(OLS)http://pul/title/134577 700 0 $aIrenaeus Lugdunensis,$cs.,$d130/149-c. 198.$tDemostratio praedicationis apostolicae.$0(OLS)http://pul/nameTitle/552$0(OLS)http://pul/name/3472$0(OLS)http://pul/title/134578 830 0$aFontes christiani ;$vBd. 8.$0(OLS)http://pul/title/15906 850 $aPUL 852 $aPUL$W1$xSL Religione 1$y3$m20 D 8.1$j121018$av. 8/1$qStampati$B120171$CPULBib$Z2$F120171 $H79225 $82 852 $aPUL$W1$xSL Religione 1$y3$m20 D 8.4$j121023$av.8/4$qStampati$B120174$CPULBib$Z2$F120174 $H79200 $82 852 $aPUL$W1$xSL Religione 1$y3$m20 D 8.3$j121021$av.8/3$qStampati$B120173$CPULBib$Z2$F120173 $H79195 $82 852 $aPUL$W1$xSL Religione 1$y3$m20 D 8.2$j121022$av.8/2$qStampati$B120172$CPULBib$Z2$F120172 $H79196 $82 900 $aIrénée de Lyon$cs., vesc.,$dm. 202 $93472 900 $aIreneo,$cs., vesc. di Lione,$dm. 202$93472 900 $aIrénée de Lyon$cs., vesc.,$dm. 202 $93472 900 $aIreneo,$cs., vesc. di Lione,$dm. 202$93472 900 $aEusebio di Cesarea,$cvesc. di Cesarea,$dc. 265-c. 340$94567 900 $aIrénée de Lyon$cs., vesc.,$dm. 202 $93472 900 $aIreneo,$cs., vesc. di Lione,$dm. 202$93472 941 1 $a8 996 $6020$a3-451-22126-8 (v. 2)$9(OLS)http://pul/number/135553 996 $6020$a3-451-22125-X (v. 1)$9(OLS)http://pul/number/135552 996 $6020$a3-451-22127-6 (v. 3)$9(OLS)http://pul/number/135554 996 $6020$a3-451-22128-4 (v. 4)$9(OLS)http://pul/number/135555 996 $6246$aDarlengung der Apostolischen Verkundigung$9(OLS)http://pul/title/134575 996 $6246$aGegen die häresien$9(OLS)http://pul/title/134576 996 $6245$aEpideixis, Adversus Haereses =$bDarlegung der Apostolischen verkündigung, Gegen die häresien $9(OLS)http://pul/title/134573 996 $6260$aFreiburg :$bHerder$9(OLS)http://pul/publisher/48354